Estudos de Direito Civil, Internacional Privado e Comparado

Bibliographic Details
Main Author: Brandelli, Leonardo
Format: Book
Language:Portuguese
Published: Brasil LEUD - Livraria e Editora Universitr̀ia de Direito 2014
Subjects:
Online Access:Acceso restringido

MARC

LEADER 00000nam a22000007a 4500
005 20160216135728.0
007 cr|||| ||u|
008 160216s2014 bl ||||| |||| 00||0 por d
020 |a 978-85-7456-306-0 
035 |a 13075 
040 |a vLex  
090 |c 5885  |d 5885 
100 1 |a Brandelli, Leonardo 
245 1 0 |a Estudos de Direito Civil, Internacional Privado e Comparado  |h [Recurso electrn̤ico] /  |c Leonardo Brandelli  
256 |a Servicio en ln̕ea  
260 |a Brasil   |b LEUD - Livraria e Editora Universitr̀ia de Direito  |c 2014 
300 |a 1 recurso electrn̤ico 
506 1 |a Contenido solo disponibel en los productos indicados  |d vLex Global  |d vLex Global (Academic Edition, excluding Law Schools)  |d vLex Global (U.S. Academic Edition, Law Schools)  |d vLex Global (U.S. Academic Edition, excluding Law Schools)  |d vLex Global (Academic Edition, Law Schools) 
650 0 4 |a Derecho Civil   |z Brasil  
740 0 |a vLex libros (servicio en ln̕ea)  
856 4 0 |u http://vlex.com/source/estudos-de-direito-civil-internacional-privado-e-comparado-13075  |z Acceso restringido  
942 |c BOOK 
999 0 |a Civil Law